Skip to content
VuFind
All Fields
Title
Author
Subject
Call Number
ISBN/ISSN
Tag
Find
Advanced
The two black dogs
Cite this
Print
Export Record
Export to RefWorks
Export to EndNoteWeb
Export to EndNote
Export to MARC
The two black dogs
Bibliographic Details
Format:
Book
Holdings
Description
Similar Items
Staff View
MARC
LEADER
00000cam a2200000 7i4500
001
0000009660
002
000010524
005
20000330.0
020
|a
1859640001
090
0
0
|a
JF
|b
TWO
245
1
0
|a
The two black dogs
999
|a
048498
|b
BUKU
|c
PINJAMAN
|e
PERPUSTAKAAN KOMUNITI PETALING JAYA
Similar Items
Black Dog [
by: Hooks, Kevin
Black dog [
by: Hooks, Kevin
Black cat black dog : a jack valentine thriller
by: Creed, John
Published: (2006)
Black Dog Bone [ timeless
Published: (2006)
Black Dog Bone [ reunion
by: Razzi M
Published: (2003)